00910cam a22002291 450000100060000000300080000600500170001400800390003103500190007004000320008904100080012108200170012924500430014626000580018930000740024750000860032150400310040750500390043865100670047765100690054465100670061324605BD-RjUL20211209001055.0140313r19681929nyuabch b 000 0 eng a(BD-RjUL)24674 aDLCcDLCdDLCdBD-RjULbeng aeng00a974.028bWIN00aWinthrop papers.nVolume IIp1623-1630 aNew York :bRussell & Russell,c1926 [reprinted 1968] axxiii,367 p. :billus., facsims., geneal. table, maps, ports.c25 cm. aReprint of the ed. first published 1929- by the Massachusetts Historical Society. aBibliographical footnotes.1 av. 1. 1498-1628.--v. 2. 1623-1630. 0aNew EnglandxHistoryyColonial period, ca. 1600-1775xSources. 0aMassachusettsxHistoryyColonial period, ca. 1600-1775xSources. 0aConnecticutxHistoryyColonial period, ca. 1600-1775xSources.